[Event "London Classic op U1750 9th"]
[Site "London"]
[Date "2017.12.05"]
[Round "2"]
[White "Swiegers, Francois"]
[Black "Sartain, Patrick"]
[Result "1-0"]
[WhiteElo "1508"]
[BlackElo "1580"]
[PlyCount "135"]
[EventDate "2017.12.04"]
[EventType "swiss"]
[EventRounds "5"]
[EventCountry "ENG"]
[SourceTitle "CBM 182 Extra"]
[Source "ChessBase"]
[SourceDate "2018.02.23"]
[SourceVersion "1"]
[SourceVersionDate "2018.02.23"]
[SourceQuality "1"]

1. d4 Nf6 2. c4 d6 3. Nc3 g6 4. e4 Bg7 5. h3 0-0 6. Bg5 h6 7. Be3 c6 8. Nf3 Nh7 9. Qd2 g5 10. g4 e5 11. 0-0-0 Nd7 12. h4 f6 13. dxe5 dxe5 14. Bc5 Rf7 15. Bd6 b6 16. c5 b5 17. Nxb5 cxb5 18. Bxb5 Nxc5 19. Bxc5 Qxd2+ 20. Rxd2 Be6 21. Kb1 Bxg4 22. Bc4 Bxf3 23. Rg1 Bxe4+ 24. Ka1 Bg6 25. Rd7 Rc8 26. b4 a5 27. a3 axb4 28. axb4 Bf8 29. Bxf7+ Bxf7 30. Bxf8 Nxf8 31. Rb7 Ra8+ 32. Kb1 Ne6 33. Rb6 Kg7 34. hxg5 hxg5 35. Rc1 Nd4 36. Rc7 Kg6 37. Rbb7 Bd5 38. Rb6 Kf5 39. Rd7 Be4+ 40. Kb2 Rc8 41. Rf7 Rc2+ 42. Ka3 Rc3+ 43. Kb2 Rb3+ 44. Kc1 Rb1+ 45. Kd2 Rb2+ 46. Kc1 Rc2+ 47. Kd1 Rc6 48. Rb8 Kf4 49. b5 Rd6 50. Kc1 f5 51. b6 Nc6 52. Rc8 Nd8 53. Ra7 Nb7 54. Ra6 Bd3 55. Ra4+ e4 56. Rb4 Rd7 57. Rc7 Rxc7+ 58. bxc7 Nd6 59. Rb6 Nc8 60. Rb8 Ba6 61. Ra8 Bb7 62. Rb8 Ba6 63. Ra8 Bb7 64. Rb8 Ke5 65. Rxb7 Kd6 66. Rb5 Ke6 67. Rc5 Kf6 68. Rd5 1-0

[Event "London Classic op U1750 9th"]
[Site "London"]
[Date "2017.12.04"]
[Round "1"]
[White "Bak, Steve"]
[Black "Swiegers, Francois"]
[Result "0-1"]
[WhiteElo "1742"]
[BlackElo "1508"]
[PlyCount "38"]
[EventDate "2017.12.04"]
[EventType "swiss"]
[EventRounds "5"]
[EventCountry "ENG"]
[SourceTitle "CBM 182 Extra"]
[Source "ChessBase"]
[SourceDate "2018.02.23"]
[SourceVersion "1"]
[SourceVersionDate "2018.02.23"]
[SourceQuality "1"]

1. e4 c6 2. d4 d5 3. f3 dxe4 4. Nc3 exf3 5. Nxf3 Bg4 6. Be2 Nf6 7. Bg5 Nbd7 8. Qd2 h6 9. Bh4 e6 10. 0-0-0 Be7 11. Kb1 0-0 12. h3 Bf5 13. Bd3 Bxd3 14. Qxd3 c5 15. g4 cxd4 16. Nxd4 Nd5 17. Bf2 Nc5 18. Qe2 Nxc3+ 19. bxc3 Qa5 0-1

[Event "London CSC U135 op 7th"]
[Site "London"]
[Date "2015.12.09"]
[Round "3"]
[White "Crouch, Timothy J"]
[Black "Swiegers, Francois"]
[Result "1/2-1/2"]
[WhiteElo "1537"]
[BlackElo "1466"]
[PlyCount "32"]
[EventDate "2015.12.07"]
[EventType "swiss"]
[EventRounds "5"]
[EventCountry "ENG"]
[SourceTitle "EXT 2025"]
[Source "ChessBase"]
[SourceDate "2024.10.14"]
[SourceVersion "1"]
[SourceVersionDate "2024.10.14"]
[SourceQuality "1"]

1. e4 c6 2. Nf3 d5 3. exd5 cxd5 4. Bb5+ Bd7 5. Qe2 a6 6. Bxd7+ Nxd7 7. d4 e6 8. 0-0 Ngf6 9. Bg5 Be7 10. Nbd2 0-0 11. Kh1 Rc8 12. c3 Re8 13. Rad1 Qb6 14. Rb1 Qa5 15. Ra1 Qb6 16. Rab1 Qa5 1/2-1/2